All Capitals that begin with the letter A - Statistics

General Stats
  • This quiz has been taken 34 times
    13 since last reset
  • The average score is 10 of 16
Answer Stats
Answer % Correct
Accra
80%
Andorra la vella
80%
Abu Dhabi
70%
Amman
70%
Ankara
70%
Ashgabat
70%
Asmara
70%
Athens
70%
Addis Ababa
60%
Amsterdam
60%
Astana
60%
Abuja
50%
Algiers
50%
Antananarivo
50%
Asuncion
50%
Apia
40%
No matching quizzes found
Score Distribution
Percent of People with Each Score
Percentile by Number Answered
Your Score History
You have not taken this quiz since the last reset